000 00277nam a22001217a 4500
008 170608b xxu||||| |||| 00| 0 eng d
041 _aeng
080 _a32
100 _a18
101 _aSHP
245 _aTHE POLITICAL AND SOCIAL IDEAS
_cAUGUSTINE.S.T
942 _2udc
_cBK
999 _c16497
_d16497